=LDR 00000nam 2200000 4500 =001 INLIS000000000015438 =005 20130612110722 =008 ***********************************Indo** =035 ##$$0010-061300000015438 =041 ##$$a Indo =082 ##$$a F.Rom K =090 ##$$a F.Rom K, Had =100 ##$$a Hadisukatno Ki =245 ##$$a Ajisaka, Kumpulan Dagang, Ki Hadisukatno =260 ##$$a 1994 $b Yogyakarta =300 ##$$a 33 hlm, ilus, 20 cm =650 ##$$a Fiksi Kanak-Kanak-Indonesia =850 ##$$a NBPNMAT